Scottish and English dilapidations law (Record no. 64185)
[ view plain ]
| 000 -LEADER | |
|---|---|
| fixed length control field | 00823cam a2200253 4500 |
| 001 - CONTROL NUMBER | |
| control field | ABS62636 |
| 008 - FIXED-LENGTH DATA ELEMENTS--GENERAL INFORMATION | |
| fixed length control field | 000000n2000 000 0 eng u |
| 035 ## - SYSTEM CONTROL NUMBER | |
| System control number | (Sirsi) u107347 |
| 100 ## - MAIN ENTRY--PERSONAL NAME | |
| Personal name | Woodman, J. |
| 245 ## - TITLE STATEMENT | |
| Title | Scottish and English dilapidations law |
| 260 ## - PUBLICATION, DISTRIBUTION, ETC. | |
| Date of publication, distribution, etc. | 2000 |
| 490 ## - SERIES STATEMENT | |
| Series statement | CSM (Chartered Surveyor Monthly) |
| Volume/sequential designation | July/August 2000, 31(1) |
| 520 ## - SUMMARY, ETC. | |
| Summary, etc. | Summarises some of the most important fundamental differences between the law and practice of dilapidations in Scotland and England. NB UNABLE TO SUPPLY PHOTOCOPY OF FULL COPY OF ARTICLE. ASH 8/3/04 |
| 590 ## - LOCAL NOTE (RLIN) | |
| Local note | ABS |
| 650 ## - SUBJECT ADDED ENTRY--TOPICAL TERM | |
| Topical term or geographic name entry element | Dilapidations |
| 9 (RLIN) | 6235 |
| 650 ## - SUBJECT ADDED ENTRY--TOPICAL TERM | |
| Topical term or geographic name entry element | SCOTLAND |
| 650 ## - SUBJECT ADDED ENTRY--TOPICAL TERM | |
| Topical term or geographic name entry element | ENGLAND |
| 650 ## - SUBJECT ADDED ENTRY--TOPICAL TERM | |
| Topical term or geographic name entry element | BREAK OPTIONS |
| 650 ## - SUBJECT ADDED ENTRY--TOPICAL TERM | |
| Topical term or geographic name entry element | FORFEITURE |
| 650 ## - SUBJECT ADDED ENTRY--TOPICAL TERM | |
| Topical term or geographic name entry element | DAMAGES |
| 690 ## - LOCAL SUBJECT ADDED ENTRY--TOPICAL TERM (OCLC, RLIN) | |
| Topical term or geographic name as entry element | Dilapidations |
| 9 (RLIN) | 6235 |
| 700 ## - ADDED ENTRY--PERSONAL NAME | |
| Personal name | Fleming, M. |
| 942 ## - ADDED ENTRY ELEMENTS (KOHA) | |
| Suppress in OPAC | 0 |
| Withdrawn status | Lost status | Source of classification or shelving scheme | Damaged status | Not for loan | Home library | Current library | Shelving location | Date acquired | Total Checkouts | Full call number | Barcode | Date last seen | Copy number | Price effective from | Koha item type |
|---|---|---|---|---|---|---|---|---|---|---|---|---|---|---|---|
| Dewey Decimal Classification | London | London | Journal article | 26/07/2000 | ABS62636 | 107347-1001 | 06/08/2019 | 1 | 06/08/2019 | Journal article |